ბათუმის შოთა რუსთაველის სახელმწიფო უნივერსიტეტის ბიბლიოთეკა

PR- ის საფუძვლები / (ბიბ.ჩანაწერი № 62090)

000 -ლიდერი
ფიქსირებული სიგრძის საკონტროლო ველი 01314nam a22002177a 4500
003 - საკონტროლო ნომრის იდენტიფიკატორი
საკონტროლო ველი Ge_BSU
005 - ბოლო ოპერაციის თარიღი და დრო
საკონტროლო ველი 20240708113202.0
008 - ფიქსირებული სიგრძის მონაცემთა ელემენტები - ზოგადი ინფორმაცია
ფიქსირებული სიგრძის საკონტროლო ველი 240708s2021 ge ||||| |||| 00| 0 geo d
020 ## - წიგნის საერთაშორისო სტანდარტული ნომერი
International Standard Book Number 9789941834615
041 ## - ენის კოდი
Language code of text/sound track or separate title geo
080 ## - უნივერსალური ათობითი კლასიფიკაციის ინდექსი
Universal Decimal Classification number 659.4(075.8) გ-97
100 ## - მთავარი ჩანაწერი - პიროვნების სახელი
Personal name გურული, თორნიკე
Relator term ავტორი.
9 (RLIN) 19857
245 ## - ცნობა სათაურის შესახებ
Title PR- ის საფუძვლები /
Statement of responsibility, etc თორნიკე გურული ; რედ. სალომე უსტარაშვილი ; ფოტო იური მეჩითოვი ; დიზაინი ბესიკ დანელია.
264 ## - წარმოების, გამოცემის, დისტრიბუციის და სხვა ცნობები
გამოცემის, წარმოების, დისტრიბუციის... ადგილი თბილისი :
გამოცემის, წარმოების, დისტრიბუციის... სახელწოდება აზროვნების აკადემიის გამომცემლობა,
გამოცემის, წარმოების, დისტრიბუციის... თარიღი 2021.
300 ## - ფიზიკური აღწერა
Extent 144 გვ. ;
Other physical details 19,5 სმ
500 ## - ზოგადი შენიშვნა
General note წიგნი ეძღვნება ანა სოფიას და გაბრიელს.
653 ## - INDEX TERM--UNCONTROLLED
Uncontrolled term PR- ის საფუძვლები
653 ## - INDEX TERM--UNCONTROLLED
Uncontrolled term პიარი -- სახელმძღვანელოები უმაღლესი სასწავლებლებისათვის.
700 ## - ADDED ENTRY--PERSONAL NAME
Personal name უსტარაშვილი, სალომე
Relator term რედაქტორი და სხვ.
9 (RLIN) 19858
942 ## - ADDED ENTRY ELEMENTS (KOHA)
Source of classification or shelving scheme
Koha item type წიგნი
ეგზემპლარები
ჩამოწერის სტატუსი დაკარგული ეგზემპლარის სტატუსი კლასიფიკაციის წყარო ან თაროზე გაწყობის სქემა დაზიანების სტატუსი არ გაიცემა მუდმივი მდებარეობა (დაცვის ადგილი) ამჟამინდელი ადგილსამყოფელი თაროზე განთავსების ადგილი შეძენის თარიღი ღირებულება, შესყიდვის ნორმალური ფასი სრული შენახვის შიფრი შტრიხკოდი ბოლო ოპერაციის თარიღი ეგზემპლარის მიმდევრობითი ნომერი (კეტერი?) ფასის ძალაში შესვლის თარიღი ეგზემპლარის სახეობა საჯარო შენიშვნა Uniform Resource Identifier
          ბათუმის შოთა რუსთაველის სახელმწიფო უნივერსიტეტის მთავარი ბიბლიოთეკა ბათუმის შოთა რუსთაველის სახელმწიფო უნივერსიტეტის მთავარი ბიბლიოთეკა წიგნსაცავი 2024-07-08 24.00 659.4(075.8) გ-97 68500 2024-07-08 68500 2024-07-08 წიგნი 24.00  
          ბათუმის შოთა რუსთაველის სახელმწიფო უნივერსიტეტის მთავარი ბიბლიოთეკა ბათუმის შოთა რუსთაველის სახელმწიფო უნივერსიტეტის მთავარი ბიბლიოთეკა წიგნსაცავი 2024-07-08 24.00 659.4(075.8) გ-97 68501 2024-07-08 68501 2024-07-08 წიგნი 24.00  
          ბათუმის შოთა რუსთაველის სახელმწიფო უნივერსიტეტის მთავარი ბიბლიოთეკა ბათუმის შოთა რუსთაველის სახელმწიფო უნივერსიტეტის მთავარი ბიბლიოთეკა წიგნსაცავი 2024-07-08 24.00 659.4(075.8) გ-97 68502 2024-07-08 68502 2024-07-08 წიგნი 24.00  
          ბათუმის შოთა რუსთაველის სახელმწიფო უნივერსიტეტის მთავარი ბიბლიოთეკა ბათუმის შოთა რუსთაველის სახელმწიფო უნივერსიტეტის მთავარი ბიბლიოთეკა წიგნსაცავი 2024-07-08 24.00 659.4(075.8) გ-97 68503 2024-07-08 68503 2024-07-08 წიგნი 24.00  
          ბათუმის შოთა რუსთაველის სახელმწიფო უნივერსიტეტის მთავარი ბიბლიოთეკა ბათუმის შოთა რუსთაველის სახელმწიფო უნივერსიტეტის მთავარი ბიბლიოთეკა წიგნსაცავი 2024-07-08 24.00 659.4(075.8) გ-97 68504 2024-07-08 68504 2024-07-08 წიგნი 24.00  
          ბათუმის შოთა რუსთაველის სახელმწიფო უნივერსიტეტის მთავარი ბიბლიოთეკა ბათუმის შოთა რუსთაველის სახელმწიფო უნივერსიტეტის მთავარი ბიბლიოთეკა წიგნსაცავი 2024-07-08 10.00 659.4(075.8) გ-97 29753 2024-07-08 29753 2024-07-08 წიგნი 10.00 ნაჩუქარი